MARC

LEADER 00000nam0a2200000 4500
001 102115
005 20231031112841.0
035 |a (RuTPU)RU\TPU\book\110116 
090 |a 102115 
100 |a 20060919d1964 km y0rusy50 ca 
101 0 |a rus 
102 |a RU 
105 |a a z 000zy 
200 1 |a Ломоносов и художественное стекло  |f В. В. Данилевский  |g Академия Наук СССР; Институт археологии 
210 |a Москва  |a Ленинград  |c Наука  |d 1964 
215 |a 443 с.  |c ил. 
318 |5 63413507  |a Гений опередивший свое время. К 300-летию со дня рождения М. В. Ломоносова  |b выставка  |n 28 
600 1 |a Ломоносов  |g Михаил Васильевич  |b М. В.  |c ученый-естествоиспытатель, поэт, историк, художник, деятель просвещения, науки и экономики  |f 1711-1765  |2 stltpush  |3 (RuTPU)RU\TPU\pers\975 
610 1 |a наука 
610 1 |a ученые 
610 1 |a Россия 
610 1 |a 18 век 
610 1 |a история 
610 1 |a стекло 
610 1 |a художественное стекло 
610 1 |a Мозаика 
675 |a 001  |v 3 
675 |a 666.2  |v 3 
700 1 |a Данилевский  |b В. В.  |g Виктор Васильевич 
712 0 2 |a Академия наук СССР (АН СССР)  |b Институт археологии (ИА)  |c (Москва)  |c (1957-1991)  |2 stltpush  |3 (RuTPU)RU\TPU\col\13762 
801 1 |a RU  |b 63413507  |c 20060919  |g PSBO 
801 2 |a RU  |b 63413507  |c 20221123  |g PSBO 
942 |c BK